10 arts, 10 questions #7 - Culture générale - Statistiques

Statistiques générales
  • Ce quiz a été pris 164 fois
    123 depuis la dernière actualisation
  • Le résultat moyen est 9 sur 15
Statistiques - réponses
Nom de l'art Indice Réponse % Correct
1e art :Architecture A quelle occasion et en quelle année la Tour Eiffel a-t-elle été construite ? Evénement : Exposition universelle
88%
3e art : Arts visuels Nom donné à l'art de bien former les caractères d'écriture manuscrite Calligraphie
87%
4e art : Musique A quel genre musical les groupes BTS, Blackpink et Seventeen sont-ils attribués, et de quel pays provient ce genre ? Nom du genre : K-Pop
81%
4e art : Musique A quel genre musical les groupes BTS, Blackpink et Seventeen sont-ils attribués, et de quel pays provient ce genre ? Pays : Corée du Sud
80%
2e art :Sculpture Nom du site où sont sculptées les 4 président américains George Washington, Thomas Jefferson, Theodore Roosevelt et Abraham Lincoln Mont Rushmore
79%
1e art :Architecture A quelle occasion et en quelle année la Tour Eiffel a-t-elle été construite ? Année : 1889
76%
8e art : Arts médiatiques Nom des présentateurs de l'émission quotidienne de culture générale "Questions pour un champion" 1988 - 2016 : Julien Lepers
74%
7e art : Cinéma Film d'animation sorti en 2016 où la lapine Judy Hopps et le renard Nick Wilde enquêtent sur la disparition d'une loutre Zootopie
70%
5e art : Littérature Complétez la liste des membres de la Communauté de l'Anneau : 2 Hommes (Aragorn et Boromir) et 4 Hobbits (Frodon, Sam, Merry et Pippin), 1 magicien (......), 1 Elfe (.......) et 1 Nain (.....) Le magicien : Gandalf
68%
8e art : Arts médiatiques Nom des présentateurs de l'émission quotidienne de culture générale "Questions pour un champion" 2016 - ... : Samuel Étienne
58%
5e art :Littérature Complétez la liste des membres de la Communauté de l'Anneau : 2 Hommes (Aragorn et Boromir) et 4 Hobbits (Frodon, Sam, Merry et Pippin), 1 magicien (......), 1 Elfe (.......) et 1 Nain (.....) L'elfe : Legolas
50%
6e art : Arts de la scène De son vrai nom David Seth Kotkin, ce magicien américain est l'un des plus célèbres grâce à ses grandes illusions David Copperfield
40%
5e art :Littérature Complétez la liste des membres de la Communauté de l'Anneau : 2 Hommes (Aragorn et Boromir) et 4 Hobbits (Frodon, Sam, Merry et Pippin), 1 magicien (......), 1 Elfe (.......) et 1 Nain (.....) Le nain : Gimli
40%
9e art :
Bande dessinée
Manga racontant l'élimination du Japon à la Coupe du monde 2018, incitant l'Union japonaise de football à lancer un programme afin de sélectionner les joueurs pour la Coupe du monde 2022 Blue Lock
39%
10e art : Jeux vidéos Jeu vidéo de gestion urbaine sorti en mars 2015 qui consiste à construire et gérer les infrastructures publiques d'une ville Cities Skylines
16%
Aucun quiz correspondant
Distribution des résultats
% des personnes avec chaque résultat
Percentile par nombre de réponses
Votre historique - résultats
Vous n’avez pas pris ce quiz depuis la dernière actualisation